Avtomatika i vyčisliteľnaja technika

Na minha lista:
Detalhes bibliográficos
Formato: Periódico
Publicado em: 1985
Tags: Adicionar Tag
Sem tags, seja o primeiro a adicionar uma tag!

MARC

LEADER 00000nas a22000003a 4500
001 stu65166
005 20141121235619.0
008 011106s1985----------------------------d
040 |a STU  |b slo 
041 0
245 |a Avtomatika i vyčisliteľnaja technika 
260 |c 1985 
500 |a 1-6 
500 |a 6 
773 0 |t Avtomatika i vyčisliteľnaja technika  |w stu_us_cat*stu65157  |x 0132-4160  |7 nnas 
996 |d Tom 1985, 1985  |v Tom 1985  |y 1985  |l II680  |s A  |a 24  |w stu65166_0001